| 000 | 00463nam a2200181Ia 4500 | ||
|---|---|---|---|
| 005 | 20250220020114.0 | ||
| 008 | 240331s9999 xx 000 0 und d | ||
| 020 | _a9789555035903 | ||
| 082 |
_bTHA _26110 _a948 |
||
| 100 | _aThanges, P | ||
| 245 | 0 |
_aYalpānach Chamookam: _bSāthi, Inathuvam Muthalāya Katturaikal |
|
| 260 |
_aColombo _bMalar Veliyeedu _c2007 |
||
| 300 | _a159 p., | ||
| 650 | _aJaffna | ||
| 650 | _aCaste | ||
| 650 | _aEthnicity | ||
| 942 | _cL | ||
| 999 |
_c4700 _d4700 |
||